Statistieken voor Kaart van Oost-Europa Quiz

Klik hier om de quiz te nemen!

Algemene statistieken

  • Deze quiz is 2.026 keer genomen
  • De gemiddelde score is 18 van 21

Antwoorden op de kaart

Antwoorden kleurgecodeerd door een groen-rode schaal op de quizkaart volgens % correct hieronder.
 

Antwoordstatistieken

Antwoord% Correct
Rusland
97%
Oekraïne
96%
Polen
96%
Litouwen
95%
Belarus
94%
Letland
93%
Estland
92%
Kroatië
89%
Roemenië
89%
Tsjechië
89%
Moldavië
87%
Bosnië en Herzegovina
85%
Albanië
83%
Kosovo
83%
Bulgarije
82%
Hongarije
82%
Slovenië
82%
Noord-Macedonië
80%
Servië
80%
Slowakije
79%
Montenegro
76%

Scoreverdeling

Percentiel versus Aantal Correcte Antwoorden

Procent van Mensen met Elke Score

Uw Scoregeschiedenis

U heeft deze quiz nog niet genomen